Patos y gansos / (Record no. 50488)

MARC details
000 -LEADER
campo de control de longitud fija 00802nam a2200241 i 4500
001 - NÚMERO DE CONTROL
campo de control 50488
003 - IDENTIFICADOR DE NÚMERO DE CONTROL
campo de control ES-MaACL
005 - FECHA Y HORA DE LA ÚLTIMA TRANSACCIÓN
campo de control 20230906162205.0
007 - CAMPO FIJO DE DESCRIPCIÓN FÍSICA--INFORMACIÓN GENERAL
campo de control de longitud fija t|
008 - DATOS DE LONGITUD FIJA--INFORMACIÓN GENERAL
campo de control de longitud fija 030805s1962 sp ||||1| spa d
100 1# - ENTRADA PRINCIPAL--NOMBRE DE PERSONA
Nombre de persona Cullington, J. M.
9 (RLIN) 42148
245 10 - MENCIÓN DEL TÍTULO
Título Patos y gansos /
Mención de responsabilidad, etc. J.M. Cullington, J. Tredgett, L.C. Turnill ; traducción española de Elías Fernández González.
260 ## - PUBLICACIÓN, DISTRIBUCIÓN, ETC.
Lugar de publicación, distribución, etc. Zaragoza :
Nombre del editor, distribuidor, etc. Acribia,
Fecha de publicación, distribución, etc. [1962]
300 ## - DESCRIPCIÓN FÍSICA
Extensión X, 194 p., 8 lám. :
Otras características físicas il. ;
Dimensiones 19 cm.
490 1# - MENCIÓN DE SERIE
Mención de serie Manuales de técnica agropecuaria
650 ## - PUNTO DE ACCESO ADICIONAL DE MATERIA--TÉRMINO DE MATERIA
Término de materia o nombre geográfico como elemento de entrada Avicultura.
9 (RLIN) 10453
700 1# - ENTRADA AGREGADA--NOMBRE PERSONAL
Nombre de persona Tredgett, J.
9 (RLIN) 111275
700 1# - ENTRADA AGREGADA--NOMBRE PERSONAL
Nombre de persona Turnill, L. C.
9 (RLIN) 111747
700 1# - ENTRADA AGREGADA--NOMBRE PERSONAL
Nombre de persona Fernández González, Elías.
9 (RLIN) 49825
830 1# - PUNTO DE ACCESO ADICIONAL DE SERIE-TÍTULO UNIFORME
Título uniforme Manuales de técnica agropecuaria
9 (RLIN) 183378
852 ## - LOCALIZACIÓN
Ubicación ES-MaACL
Número de control de estantería C-22597
Holdings
Estatus retirado Estado de pérdida Estado de daño No para préstamo Biblioteca de origen Biblioteca actual Ubicación en estantería Fecha de adquisición Fuente de adquisición Total de préstamos Signatura topográfica completa Código de barras Visto por última vez Precio de reemplazo Tipo de ítem Koha
        Biblioteca del Ateneo de Madrid Biblioteca del Ateneo de Madrid Galería 17/01/2008     C-22597 1053109 23/02/2023 23/02/2023 Libro impreso